• 首页
  • 本馆介绍
  • 公告通知
  • 最新文献
  • 馆藏检索
  • 电子资源
  • 读者荐购
  • 参考咨询
  • CALIS
  • 我的图书馆
  • 登录
  • 详细信息显示
  • 放入我的书架
  • 预约/预借图书
  • 作者相关作品
  • 分类相关作品
  • 丛书相关作品
  • 出版社相关作品

书目信息

  • 表格格式
  • 工作单格式
  • 卡片格式
题名:
数据挖掘与机器学习基础及应用
    
 
作者: 许桂秋 , 吴丽镐 , 张文明 主编
分册:  
出版信息: 北京   人民邮电出版社  2024.08
页数: 252页
开本: 26cm
丛书名: 大数据技术与应用丛书
单 册:
中图分类: TP274 , TP181
科图分类:
主题词: 数据采集--shu ju cai ji--机器学习
电子资源:
ISBN: 978-7-115-64576-0
 
 
 
 
 
000 01123nam 2200301 450
001 95524
005 20250902160629.78
010    @a978-7-115-64576-0@dCNY69.80
100    @a20240923d2024 em y0chiy50 ea
101 0  @achi
102    @aCN@b110000
105    @aa z 000yy
106    @ar
200 1  @a数据挖掘与机器学习基础及应用@Ashu ju wa jue yu ji qi xue xi ji chu ji ying yong@f许桂秋, 吴丽镐, 张文明主编
210    @a北京@c人民邮电出版社@d2024.08
215    @a252页@c图@d26cm
225 2  @a大数据技术与应用丛书@Ada shu ju ji shu yu ying yong cong shu
300    @a信通社区
330    @a本书共10章, 包含数据挖掘与机器学习概述、数据科学分析入门、回归算法与应用、聚类算法与应用、关联规则与协同过滤等内容。由浅入深地讲解数据挖掘与机器学习的基本概念与流程、相关算法与实现工具。
410  0 @12001 @a大数据技术与应用丛书
606 0  @a数据采集@Ashu ju cai ji@x机器学习
690    @aTP274@v5
690    @aTP181@v5
701  0 @a许桂秋@Axu gui qiu@4主编
701  0 @a吴丽镐@Awu li gao@4主编
701  0 @a张文明@Azhang wen ming@4主编
801  0 @aCN@c20250909
905    @a河南城建学院图书馆@dTP274@eX860@f1
    
    数据挖掘与机器学习基础及应用/许桂秋, 吴丽镐, 张文明主编.-北京:人民邮电出版社,2024.08
    252页:图;26cm.-(大数据技术与应用丛书)
    信通社区
    
    ISBN 978-7-115-64576-0:CNY69.80
    本书共10章, 包含数据挖掘与机器学习概述、数据科学分析入门、回归算法与应用、聚类算法与应用、关联规则与协同过滤等内容。由浅入深地讲解数据挖掘与机器学习的基本概念与流程、相关算法与实现工具。
●
相关链接 在E读中查询图书 在当当中查询图书 在豆瓣中查询图书


正题名:数据挖掘与机器学习基础及应用     索取号:TP274/X860         预约/预借

序号 登录号 条形码 馆藏地/架位号 状态 备注
1 1629582   216295827   自科库301/301自科库 43排1列1层/ [索取号:TP274/X860] 在馆    
河南城建学院图书馆 欢迎您!
大连网信软件有限公司© 版权所有